US Metro Area Immigrant Population - Statistics

General Stats
  • This quiz has been taken 48 times
  • The average score is 16 of 31
Answer Stats
Immigrant population Answer % Correct
28.63% New York, NY-NJ
97%
33.73% Los Angeles-Long Beach, CA
94%
38.88% Miami-Fort Lauderdale-West Palm Beach, FL
94%
22.67% Houston, TX
90%
23.53% San Diego, CA
87%
25.56% El Paso, TX
81%
30.04% San Francisco-Oakland, CA
81%
22.12% Washington, DC-MD-VA
74%
21.89% Las Vegas, NV
71%
37.17% San Jose, CA
68%
21.40% Fresno, CA
65%
21.66% Riverside-San Bernardino, CA
65%
26.44% Laredo, TX
61%
20.34% Bakersfield, CA
58%
28.79% McAllen-Edinburg, TX
58%
24.40% Brownsville-Harlingen, TX
48%
23.32% Stockton, CA
45%
20.63% Modesto, CA
39%
30.11% Salinas, CA
39%
23.01% Santa Barbara, CA
39%
22.80% Oxnard-Ventura, CA
32%
26.29% Yuma, AZ
32%
25.49% Merced, CA
29%
22.53% Visalia-Tulare-Porterville, CA
29%
23.01% Napa, CA
26%
21.48% Trenton, NJ
23%
32.58% El Centro, CA
19%
20.86% Bridgeport, CT
16%
21.62% Madera, CA
13%
20.08% Vallejo-Fairfield, CA
13%
23.22% Naples, FL
6%
No matching quizzes found
Score Distribution
Percent of People with Each Score
Percentile by Number Answered
Your Score History
You have not taken this quiz